Programa para el diseno de vigas de concreto preesforzado

Zapisane w:
Opis bibliograficzny
1. autor: Bravo Astúa, Carlos
Kolejni autorzy: Campos Brenes, Alvaro
Format: Książka
Wydane: [San José , Costa Rica] 1985
Hasła przedmiotowe:
Etykiety: Dodaj etykietę
Nie ma etykietki, Dołącz pierwszą etykiete!

MARC

LEADER 00000nam a2200000Ia 4500
003 002944
005 20221231144401.0
008 140114s1985 cr a m 000 ||s d
040 |c cru CEDI 
090 |a TFG 1719 
100 |a Bravo Astúa, Carlos  |9 14470 
245 |a Programa para el diseno de vigas de concreto preesforzado 
260 |c 1985  |a [San José , Costa Rica] 
300 |a  [193] hojas : ilustraciones  
500 |a  Proyecto de graduación (ingeniero civil)-- Universidad de Costa Rica. Facultad de Ingeniería. Escuela de Ingeniería Civil 
650 |x VIGAS DE HORMIGON  |9 14472 
700 |9 14471  |a Campos Brenes, Alvaro 
942 |c TFG 
999 |c 21068  |d 21068